<?xml version="1.0" encoding="UTF-8"?>
<record
    xmlns:xsi="http://www.w3.org/2001/XMLSchema-instance"
    xsi:schemaLocation="http://www.loc.gov/MARC21/slim http://www.loc.gov/standards/marcxml/schema/MARC21slim.xsd"
    xmlns="http://www.loc.gov/MARC21/slim">

  <leader>02960nam a22002657a 4500</leader>
  <controlfield tag="003">DO-SdBNP</controlfield>
  <controlfield tag="005">20210409143951.0</controlfield>
  <controlfield tag="008">210315b 2005   dr 00| 0 spa d</controlfield>
  <datafield tag="020" ind1=" " ind2=" ">
    <subfield code="a">999343938X</subfield>
  </datafield>
  <datafield tag="040" ind1=" " ind2=" ">
    <subfield code="a">BPMSU</subfield>
    <subfield code="b">spa</subfield>
    <subfield code="c">BPMSU</subfield>
  </datafield>
  <datafield tag="082" ind1=" " ind2=" ">
    <subfield code="a">RD868.44</subfield>
    <subfield code="b">B931L</subfield>
    <subfield code="2">22</subfield>
  </datafield>
  <datafield tag="086" ind1=" " ind2=" ">
    <subfield code="2"> </subfield>
  </datafield>
  <datafield tag="245" ind1=" " ind2=" ">
    <subfield code="a">El B&#xFA;ho y la luna:</subfield>
    <subfield code="b">entrevistas a Jos&#xE9; M&#xE1;rmol /</subfield>
    <subfield code="c">compilador y editor Basilio Belliard </subfield>
  </datafield>
  <datafield tag="260" ind1=" " ind2=" ">
    <subfield code="a">Santo Domingo:</subfield>
    <subfield code="b">Librer&#xED;a La Trinitaria, </subfield>
    <subfield code="c">2005.</subfield>
  </datafield>
  <datafield tag="300" ind1=" " ind2=" ">
    <subfield code="a">278 p. ;</subfield>
    <subfield code="b">il.</subfield>
    <subfield code="c">24 cm.</subfield>
  </datafield>
  <datafield tag="500" ind1=" " ind2=" ">
    <subfield code="3">Incluye datos Biogr&#xE1;fico del entrevistado en la solapa de la contracubierta </subfield>
  </datafield>
  <datafield tag="505" ind1="0" ind2=" ">
    <subfield code="a">Presentaci&#xF3;n : las palabras del pensamiento -- Las voces del pensamiento : Cr&#xF3;nicas lunares  -- La revoluci&#xF3;n po&#xE9;tica debe ser radical / Jos&#xE9; Rafael Lantigua -- Un gran oficiante del verso / Emilia Pereyra -- La realizaci&#xF3;n de un sue&#xF1;o / Kenny Cabrera  -- Poeta al amanecer / Freddy Ginebra  -- Dialogos en el para&#xED;so : Periodismo y literatura --  La poes&#xED;a no es un reflejo del mundo /Clodomiro Moquete y Pepa Acedo  -- El prop&#xF3;sito ulterior de un escritor ha de ser siempre escribir /  Elsie Fern&#xE1;ndez  -- Nuestra radicalidad era contra un discurso, no contra individuos / Emelyn Baldera -- Siempre creo que apenas empiezo a garabatear  algunas p&#xE1;ginas, eso me ofrece la oportunidad de seguir intent&#xE1;ndolo cada d&#xED;a / F&#xE1;tima Alvarez  -- El arte no es reflejo de nada : es la naturaleza intervenida por el hombre / Hyden Carr&#xF3;n  -- Nunca he tratado de hacer literatura complaciente - Mabel Caballero 91 -- La literatura es una vocaci&#xF3;n que me fue impuesta como castigo / Miguel Piccini  -- Mi vocaci&#xF3;n fue siempre ense&#xF1;ar / Norys S&#xE1;nchez  -- La eterna poes&#xED;a / Raysa Olivo -- La poes&#xED;a es un arte para las grandes minor&#xED;as / Luis Beiro  -- Fondo es forma, y viceversa / Maickel Ronzino  -- La &#xE9;tica del poeta es resistir /Jaime Priede  -- Jos&#xE9; M&#xE1;rmol : Premio Nacional de Poes&#xED;a 1987 / Angela Pe&#xF1;a  -- Los poetas sue&#xF1;an con el hombre com&#xFA;n / Mar&#xED;a V&#xED;rgen G&#xF3;mez  -- Voces del fuego  : Las palabras del Eden  -- Prefiero, simplemente, escribir / Carlos X. Ardav&#xED;n  -- &#xBF;Qu&#xE9; son los poetas y para qu&#xE9; escriben? / Adri&#xE1;n Javier  -- Conversaci&#xF3;n con un poeta / M&#xF3;nica Volonteri -- Una po&#xE9;tica del pensar /&#xBF;N&#xE9;stor Rodr&#xED;guez  -- Sobre centauros y minotauros o el tema de las generaciones literarias en Santo Domingo / Plinio Chal&#xED;n  -- El poema es un hecho de lenguaje / Ren&#xE9; Rodr&#xED;guez Soriano  -- La literatura como cuesti&#xF3;n vital / Le&#xF3;n David  -- El poema como superaci&#xF3;n verbal del mundo / Floriano Martins  -- Coloquio con Jos&#xE9; M&#xE1;rmol / Bruno Rosario Candelier y Marcio Veloz Maggliolo  -- La poes&#xED;a evoluciona hacia la oralidad /Jos&#xE9; Angel Leyva.</subfield>
  </datafield>
  <datafield tag="590" ind1=" " ind2=" ">
    <subfield code="a">inventariado,2021 /MC</subfield>
  </datafield>
  <datafield tag="600" ind1="1" ind2="4">
    <subfield code="a">M&#xE1;rmol, Jos&#xE9;</subfield>
    <subfield code="d">1960-</subfield>
    <subfield code="x">Entrevistas.</subfield>
  </datafield>
  <datafield tag="650" ind1=" " ind2="4">
    <subfield code="a"> Literatura dominicana</subfield>
  </datafield>
  <datafield tag="650" ind1=" " ind2="4">
    <subfield code="a">Poetas dominicanos</subfield>
    <subfield code="v">Entrevistas</subfield>
  </datafield>
  <datafield tag="650" ind1=" " ind2="4">
    <subfield code="a">Poetas dominicanos </subfield>
    <subfield code="y">Siglo XX </subfield>
  </datafield>
  <datafield tag="910" ind1=" " ind2=" ">
    <subfield code="a">MCabrera/ VMateo</subfield>
  </datafield>
  <datafield tag="942" ind1=" " ind2=" ">
    <subfield code="2">ddc</subfield>
    <subfield code="c">BK</subfield>
  </datafield>
  <datafield tag="952" ind1=" " ind2=" ">
    <subfield code="0">0</subfield>
    <subfield code="1">0</subfield>
    <subfield code="2">ddc</subfield>
    <subfield code="4">0</subfield>
    <subfield code="7">0</subfield>
    <subfield code="8">CD</subfield>
    <subfield code="a">BPMET</subfield>
    <subfield code="b">BPMET</subfield>
    <subfield code="d">2021-03-15</subfield>
    <subfield code="e">Compra</subfield>
    <subfield code="l">0</subfield>
    <subfield code="o">BPMSU CD RD868.44 B931L 2005</subfield>
    <subfield code="p">BPMSU21030031</subfield>
    <subfield code="r">2021-03-15</subfield>
    <subfield code="w">2021-03-15</subfield>
    <subfield code="y">BK</subfield>
  </datafield>
  <datafield tag="952" ind1=" " ind2=" ">
    <subfield code="0">0</subfield>
    <subfield code="1">0</subfield>
    <subfield code="2">ddc</subfield>
    <subfield code="4">0</subfield>
    <subfield code="7">0</subfield>
    <subfield code="8">CD</subfield>
    <subfield code="a">BPMET</subfield>
    <subfield code="b">BPMET</subfield>
    <subfield code="d">2021-03-15</subfield>
    <subfield code="e">Compra</subfield>
    <subfield code="o">BPMSU CD RD868.44 B931L 2005</subfield>
    <subfield code="p">BPMSU21030032</subfield>
    <subfield code="r">2021-03-15</subfield>
    <subfield code="t">e.2</subfield>
    <subfield code="w">2021-03-15</subfield>
    <subfield code="y">BK</subfield>
  </datafield>
  <datafield tag="952" ind1=" " ind2=" ">
    <subfield code="0">0</subfield>
    <subfield code="1">0</subfield>
    <subfield code="2">ddc</subfield>
    <subfield code="4">0</subfield>
    <subfield code="7">0</subfield>
    <subfield code="8">CD</subfield>
    <subfield code="a">BPMET</subfield>
    <subfield code="b">BPMET</subfield>
    <subfield code="d">2021-03-16</subfield>
    <subfield code="e">Compra</subfield>
    <subfield code="o">BPMSU CD RD868.44 B931L 2005</subfield>
    <subfield code="p">BPMSU21030033</subfield>
    <subfield code="r">2021-03-16</subfield>
    <subfield code="t">e.3</subfield>
    <subfield code="w">2021-03-16</subfield>
    <subfield code="y">BK</subfield>
  </datafield>
  <datafield tag="999" ind1=" " ind2=" ">
    <subfield code="c">13398</subfield>
    <subfield code="d">13398</subfield>
  </datafield>
</record>
